00529nam a2200169 a 4500008004100000020001800041050001400059100001700073245005100090260004800141300003500189490004400224650001200268650001700280650004500297650001700342200710s2007 ||||||||||||||||| || u a9780521862851 aK 123 Lub aLuban, David10aLegal ethics and human dignitycBy David Luban aCambridgebCambridge University Pressc2007 axii, 337 pages : illustrations aCanbridge studies in philosophy and law aDIGNITY 0aHUMAN RIGHTS aRESPECT FOR PERSONS--LAW AND LEGISLATION aLEGAL ETHICS